000 00619nam a2200229Ia 4500
003 OSt
005 20221006152953.0
006 a|||||r|||| 00| 0
007 ta
008 221006b |||||||| |||| 00| 0 eng d
020 _c
_20.00
024 _a30,696
037 _cTextual
040 _aEASL
_cEASL
_beng
041 _2eng
_aeng
100 _aKAU Michael Y M Ed.
_9655266
245 0 _aLin Piao affairs power politics and military coup
260 _aNew York
_bInternational Arts and Science Press
_c1975
300 _a591p.
_ccm.
942 _cTEXL
_2CC
999 _c1098782
_d1098782